| 000 | 00673cam a2200169 i 4500 | ||
|---|---|---|---|
| 008 | 200529s2022 moua 000 0 eng | ||
| 020 | _a9780323661263 | ||
| 050 | 0 | 0 |
_aRT42 _b.M246 2022 |
| 100 | 1 | _aMartinez de Castillo, Sandra Luz, | |
| 245 | 1 | 0 |
_aStrategies, techniques, & approaches to critical thinking : _ba clinical judgment workbook for nurses / _cSandra Luz Martinez de Castillo, EdD, RN, Faculty Emeritus, Contra Costa College, San Pablo, California. |
| 250 | _a7th edition. | ||
| 260 |
_aMissouri _bElsevier _c2022 |
||
| 300 |
_aix, 294 pages : _billustrations ; |
||
| 650 | 0 | _aNursing case studies. | |
| 650 | 0 |
_aNursing _xDecision making _vTextbooks. |
|
| 942 | _cBK | ||
| 999 |
_c2348 _d2348 |
||